Normal view
MARC view
- إمارة شرق الأردن-الاستقلال-الهاشيمون-التنمية الاقتصادية والاجتماعية
Entry Topical Term
001 - CONTROL NUMBER
- control field: 63744
003 - CONTROL NUMBER IDENTIFIER
- control field: JO-AjAnu
005 - DATE AND TIME OF LATEST TRANSACTION
- control field: 20230606084413.0
008 - FIXED-LENGTH DATA ELEMENTS
- fixed length control field: 230606|| aca||aabn | a|a d
040 ## - CATALOGING SOURCE
- Original cataloging agency: JO-AjAnu
- Transcribing agency: JO-AjAnu
150 ## - HEADING--TOPICAL TERM
- Topical term or geographic name entry element: إمارة شرق الأردن-الاستقلال-الهاشيمون-التنمية الاقتصادية والاجتماعية
670 ## - SOURCE DATA FOUND
- Source citation: Work cat.: (JO-AjAnu)32498: الاحمد، نضال ابراهيم، امجد الفاعوري ،نوال العقيل، هيجاء الشمايلة، منتهى الديري, author 63743, محطات في مئة عام